Experiments in industrial democracy. (Record no. 60802)

MARC details
000 -LEADER
fixed length control field 00623cam a22002171 4500
001 - CONTROL NUMBER
control field sa 64008316
003 - CONTROL NUMBER IDENTIFIER
control field DLC
005 - DATE AND TIME OF LATEST TRANSACTION
control field 20260227112053.0
008 - FIXED-LENGTH DATA ELEMENTS--GENERAL INFORMATION
fixed length control field 750722s1964 ii b 000 0 eng
010 ## - LIBRARY OF CONGRESS CONTROL NUMBER
LC control number sa 64008316
035 ## - SYSTEM CONTROL NUMBER
System control number (OCoLC)1466954
040 ## - CATALOGING SOURCE
Original cataloging agency DLC
Transcribing agency FJUNF
Modifying agency OCoLC
-- NSyU
-- DLC
042 ## - AUTHENTICATION CODE
Authentication code premarc
050 00 - LIBRARY OF CONGRESS CALL NUMBER
Classification number HD5650
Item number .D3 1964a
100 1# - MAIN ENTRY--PERSONAL NAME
Personal name Das, Nabagopal,
Dates associated with a name 1910-
245 10 - TITLE STATEMENT
Title Experiments in industrial democracy.
260 ## - PUBLICATION, DISTRIBUTION, ETC.
Place of publication, distribution, etc. Bombay,
-- New York,
Name of publisher, distributor, etc. Asia Pub. House
Date of publication, distribution, etc. [1964]
300 ## - PHYSICAL DESCRIPTION
Extent vii, 175 p.
Dimensions 23 cm
504 ## - BIBLIOGRAPHY, ETC. NOTE
Bibliography, etc. note Bibliography: p. 169-172.
650 #0 - SUBJECT ADDED ENTRY--TOPICAL TERM
Topical term or geographic name entry element Management
General subdivision Employee participation.

No items available.

Powered by Koha